<?xml version="1.0" encoding="UTF-8"?>
<record
    xmlns:xsi="http://www.w3.org/2001/XMLSchema-instance"
    xsi:schemaLocation="http://www.loc.gov/MARC21/slim http://www.loc.gov/standards/marcxml/schema/MARC21slim.xsd"
    xmlns="http://www.loc.gov/MARC21/slim">

  <leader>02710nam a22002897a 4500</leader>
  <controlfield tag="003">OSt</controlfield>
  <controlfield tag="005">20260210112513.0</controlfield>
  <controlfield tag="007">cr ||||||a|c|a</controlfield>
  <controlfield tag="008">240314s2019    mx ||||fom||| 001 0 spa d</controlfield>
  <datafield tag="040" ind1=" " ind2=" ">
    <subfield code="e">rda</subfield>
  </datafield>
  <datafield tag="100" ind1="1" ind2=" ">
    <subfield code="9">188661</subfield>
    <subfield code="a">Cruz Mata, Nicte Ha del Rosario</subfield>
  </datafield>
  <datafield tag="245" ind1="1" ind2=" ">
    <subfield code="a">Fauna silvestre de Sancristobal Lachirioag, Villa Alta Oaxaca /</subfield>
    <subfield code="c">por Nicte H&#xE1; del Rosario Cruz Mata, Eulices Iv&#xE1;n D&#xED;az Mat&#xED;as; director Elvia L&#xF3;pez P&#xE9;rez</subfield>
  </datafield>
  <datafield tag="264" ind1=" " ind2=" ">
    <subfield code="a">Chapingo, M&#xE9;xico :</subfield>
    <subfield code="b">El autor,</subfield>
    <subfield code="c">2019</subfield>
  </datafield>
  <datafield tag="300" ind1=" " ind2=" ">
    <subfield code="a">1 recurso en l&#xED;nea (77 p&#xE1;ginas):</subfield>
    <subfield code="b">cuadros, figuras</subfield>
  </datafield>
  <datafield tag="336" ind1=" " ind2=" ">
    <subfield code="2">rdacontent</subfield>
    <subfield code="a">texto</subfield>
    <subfield code="b">txt</subfield>
  </datafield>
  <datafield tag="337" ind1=" " ind2=" ">
    <subfield code="2">rdamedia</subfield>
    <subfield code="a">computadora</subfield>
    <subfield code="b">c</subfield>
  </datafield>
  <datafield tag="338" ind1=" " ind2=" ">
    <subfield code="2">rdacarrier</subfield>
    <subfield code="a">recurso en l&#xED;nea</subfield>
    <subfield code="b">cr</subfield>
  </datafield>
  <datafield tag="502" ind1=" " ind2=" ">
    <subfield code="b">IAEZ</subfield>
    <subfield code="c">Zootecn&#xED;a</subfield>
    <subfield code="d">2019</subfield>
    <subfield code="g">LIC</subfield>
  </datafield>
  <datafield tag="504" ind1=" " ind2=" ">
    <subfield code="a">Incluye referencias bibliogr&#xE1;ficas: p&#xE1;ginas 55-58</subfield>
  </datafield>
  <datafield tag="520" ind1=" " ind2=" ">
    <subfield code="a">Con el objetivo de identificar la fauna silvestre presente en la comunidad de San Crist&#xF3;bal Lachirioag, Villa Alta Oaxaca, se realiz&#xF3; el presente trabajo de investigaci&#xF3;n. Como parte de la metodolog&#xED;a se realizaron dos recorridos de campo. Se seleccionaron como zonas de muestreo aquellas que fueran de f&#xE1;cil acceso, con avistamiento de las especies de inter&#xE9;s y en caminos. En cada zona se distribuy&#xF3; un grupo de trabajo integrado por 3 personas para colocar c&#xE1;maras de fototrampeo, para cubrir especies diurnas y nocturnas. En total se colocaron 10 c&#xE1;maras con sensores de movimiento, de igual manera durante los muestreos se realiz&#xF3; una recolecci&#xF3;n de restos de animales muertos, excretas y pelo para su posterior an&#xE1;lisis, obteni&#xE9;ndose 12 especies de mam&#xED;feros distribuidos en seis &#xF3;rdenes y diez familias. El orden m&#xE1;s abundante fue el carn&#xED;vora con cinco especies, las cuales las cuales fueron agrupadas en cuatro familias. Se encontr&#xF3; que, de las 10 familias encontradas en la comunidad, las m&#xE1;s abundantes fueron la Canidae y Cervidae. Al comparar los datos con la literatura se encontr&#xF3; que las especies de mam&#xED;feros registrado en la zona de estudio representan el 5.4% de la poblaci&#xF3;n total de mam&#xED;feros del estado de Oaxaca y el 11.6% con respecto a la Sierra Norte de Oaxaca. Es importante conocer la diversidad de fauna presente en comunidades rurales con la finalidad de establecer programas de conservaci&#xF3;n y aprovechamiento de las poblaciones de fauna silvestre.</subfield>
  </datafield>
  <datafield tag="650" ind1=" " ind2="4">
    <subfield code="9">133448</subfield>
    <subfield code="a">Fauna silvestre</subfield>
    <subfield code="x">Identificaci&#xF3;n</subfield>
    <subfield code="z">Oaxaca</subfield>
  </datafield>
  <datafield tag="650" ind1=" " ind2="4">
    <subfield code="9">133449</subfield>
    <subfield code="a">Fauna silvestre</subfield>
    <subfield code="x">Distribuci&#xF3;n</subfield>
    <subfield code="z">Oaxaca</subfield>
  </datafield>
  <datafield tag="700" ind1="1" ind2=" ">
    <subfield code="9">188662</subfield>
    <subfield code="a">D&#xED;az Mat&#xED;as, Eulices Iv&#xE1;n</subfield>
  </datafield>
  <datafield tag="700" ind1="0" ind2=" ">
    <subfield code="9">68223</subfield>
    <subfield code="a">L&#xF3;pez P&#xE9;rez, Elvia</subfield>
    <subfield code="e">Director</subfield>
  </datafield>
  <datafield tag="856" ind1=" " ind2=" ">
    <subfield code="u">http://10.13.5.2/tesis/tl/Cruz_Mata_Nicte_Ha_Del_Rosario.pdf</subfield>
    <subfield code="z">DESCARGAR PDF</subfield>
  </datafield>
  <datafield tag="942" ind1=" " ind2=" ">
    <subfield code="2">Clasificaci&#xF3;n Universidad Aut&#xF3;noma Chapingo</subfield>
    <subfield code="c">TD</subfield>
  </datafield>
  <datafield tag="999" ind1=" " ind2=" ">
    <subfield code="c">219804</subfield>
    <subfield code="d">219804</subfield>
  </datafield>
  <datafield tag="952" ind1=" " ind2=" ">
    <subfield code="0">0</subfield>
    <subfield code="1">0</subfield>
    <subfield code="2">local</subfield>
    <subfield code="4">0</subfield>
    <subfield code="5">1</subfield>
    <subfield code="7">0</subfield>
    <subfield code="8">TesDigL</subfield>
    <subfield code="a">BD</subfield>
    <subfield code="b">BD</subfield>
    <subfield code="c">E_L</subfield>
    <subfield code="d">2024-03-14</subfield>
    <subfield code="l">0</subfield>
    <subfield code="o">Tesis digital</subfield>
    <subfield code="r">2024-03-14 00:00:00</subfield>
    <subfield code="w">2024-03-14</subfield>
    <subfield code="y">TD</subfield>
  </datafield>
</record>
